Países budistas - Statistics

Estatísticas Gerais
  • Esse quiz foi jogado 169 vezes
  • A pontuação média é 12 de 14
Estatísticas das Respostas
% país % Correto
18,2 China
99%
93,2 Tailândia
96%
36,2 Japão
95%
22,9 Coréia do Sul
91%
66,0 Laos
91%
16,4 Vietname
90%
74,7 Butão
88%
96,9 Camboja
87%
17,7 Malásia
87%
80,1 Birmânia
86%
55,1 Mongólia
85%
21,3 Taiwan
82%
33,9 Singapura
79%
69,3 Sri Lanka
78%
Nenhum quiz correspondente encontrado
Distribuição das Pontuações
Porcentagem de Pessoas com Cada Pontuação
Percentil de Números Respondidos
Sua Pontuação Histórica
Você não jogou esse quiz